00325nam a2200133Ia 4500008004100000020001800041041000800059082001700067100001500084245004300099260003000142300000900172500001000181220803s9999 xx 000 0 und d a9780415817813 aeng a720.28'4 ABR aAbrams M C aArt Of City Sketching : A Field Manual aNew YorkbRoutledgec2014 a312p aARCHI